000 00249nam a2200109Ia 4500
008 190216s9999||||xx |||||||||||||| ||und||
100 _aM R B
245 0 _aMula Pottiya Vithukal
260 _bCurrent Books
650 _aEssay Malayalam
942 _cBK
999 _c23967
_d23967